000 00496nam a2200193Ia 4500
005 20240823043532.0
008 240823s9999||||xx |||||||||||||| ||und||
020 _a0-07-040210-8
041 _aENGLISH
082 _A621.3 P0
100 _aMuthusubramanian R [et al]
245 0 _a"Basic Electrical,Electronics and Computer Engineering"
250 _a2nd
260 _c2001
_b"TMH,New Delhi"
500 _aTRANSFERED
650 _aElectrical
_bElectrical
942 _cBK
999 _c210451
_d210451